Normal view
MARC view
- GOMATHY SAROJAM, M
Entry Personal Name
001 - CONTROL NUMBER
- control field: 3006
003 - CONTROL NUMBER IDENTIFIER
- control field: OSt
005 - DATE AND TIME OF LATEST TRANSACTION
- control field: 20180303141515.0
008 - FIXED-LENGTH DATA ELEMENTS
- fixed length control field: 180303|| aca||aabn | a|a d
040 ## - CATALOGING SOURCE
- Original cataloging agency: OSt
- Transcribing agency: OSt
100 ## - HEADING--PERSONAL NAME
- Personal name: GOMATHY SAROJAM, M
670 ## - SOURCE DATA FOUND
- Source citation: Work cat.: (OSt): GOMATHY SAROJAM, M, Irrigation project planning of the proposed regulator - cum- bridge at Thrithala, 1990
